000 00939nam a22002417a 4500
005 20240530110556.0
008 160308s2013 ua g 000 0 ara d
017 _a9994
_bمصر . دار الكتب المصرية
020 _a9789773582756
040 _aEG-CaGPL
082 0 4 _221
_a658.4092\
_bج ك
100 1 _aجراوت ، جيف .
245 1 0 _aكل ما تحتاج الى معرفته عن القيادة /
_cتاليف جيف جراوت ، ليز فيشر ؛ ترجمة محمد صفوت حسن .
250 _aط1.
260 _aالقاهرة :
_bدار الفجر للنشر و التوزيع ،
_c2013 .
300 _a220 ص ؛
_c24 سم .
650 0 4 _aالقيادة الادارية .
650 0 4 _aادارة الاداء .
700 0 _aمحمد صفوت حسن
_eمترجم .
700 0 _aفيشر ، ليز
_eمؤلف مشارك .
942 _2ddc
_cBK
999 _c62573
_d62573